On the origin of the optical properties of humic substances /
সংরক্ষণ করুন:
| প্রধান লেখক: | |
|---|---|
| অন্যান্য লেখক: | |
| বিন্যাস: | প্রবন্ধ |
| ভাষা: | English |
| বিষয়গুলি: | |
| ট্যাগগুলো: |
ট্যাগ যুক্ত করুন
কোনো ট্যাগ নেই, প্রথমজন হিসাবে ট্যাগ করুন!
|
| Thư viện lưu trữ: | Thư viện Trường Đại học Đà Lạt |
|---|
| LEADER | 00961nam a2200325 4500 | ||
|---|---|---|---|
| 001 | DLU090094813 | ||
| 005 | ##20091201 | ||
| 040 | # | # | |a DLU |b eng |
| 041 | # | # | |a eng |
| 044 | # | # | |a us |
| 100 | # | # | |a Vecchio, Rossana Del. |
| 245 | # | # | |a On the origin of the optical properties of humic substances / |c Rossana Del Vecchio, Neil V. Blough. |
| 653 | # | # | |a Absorption |
| 653 | # | # | |a Fluorescence spectroscopy |
| 653 | # | # | |a Fulvic acids |
| 653 | # | # | |a Humic acids |
| 653 | # | # | |a Humic substances |
| 653 | # | # | |a Laser methods |
| 653 | # | # | |a Stream transport |
| 700 | # | # | |a Blough, Neil V. |
| 773 | # | # | |t Environmental Science & Technology |g Vol. 38, no. 14 (July 2004), p. 3885-3891 |
| 920 | # | # | |a Phòng Tạp chí -- Trung tâm Thông tin - Thư viện Trường Đại học Đà Lạt |
| 994 | # | # | |a DLU |
| 900 | # | # | |a True |
| 911 | # | # | |a Trương Bảo Trâm Anh |
| 925 | # | # | |a G |
| 926 | # | # | |a A |
| 927 | # | # | |a BB |
| 980 | # | # | |a Thư viện Trường Đại học Đà Lạt |